2020s Slang - Statistics

General Stats
  • This quiz has been taken 16 times
  • The average score is 24 of 83
Answer Stats
Hint Answer % Correct
Abbreviation for "best friends forever". BFF
86%
Acronym for "be f-ing for real". BFFR
86%
Shortened version of brother. bro / bruh / bru
79%
short for Loss, lose, or loser L
79%
An individual's current reputation or charisma. aura
64%
IYKYK if you know you know
64%
an obnoxious, angry, or entitled (usually but not exclusively white and middle-aged) woman. karen
57%
An attempt (often pseudoscientific) to maximize physical attractiveness. looksmaxxing
57%
One's charm/seduction skills. Derived from charisma. rizz
57%
To lie. cap
50%
Ugly or unattractive. chopped
50%
Slur for robots (two options) clanker / wireback
50%
shortened version of "gang" gng
50%
short for Win or winner W
50%
An algospeak form of the word "autistic." acoustic
43%
Abbreviation for "best friend". bestie
43%
to perform or do well. (noun) cook / cooking
43%
to be in trouble. (verb) cooked
43%
To end communication or contact with someone without warning. ghost
43%
To hype, praise, or compliment someone so much that it becomes annoying or excessive. glaze
43%
GOAT greatest of all time
43%
A sudden feeling of disgust or repulsion ick
43%
A state of total concentration on a task. locked in / flow state
43%
A random number that literally means nothing. Usually used with a hand motion similar to dribbling. (As much as I did NOT want to include this one, it is part of modern slang unfortunately) 67 / six seven
36%
A lyric in a rap song that is considered excellent. bar
36%
Variant pronunciation/spelling of "crying" crine
36%
A hot dog. glizzy
36%
A term describing Gen Alpha children who spend most of their time consuming content via a phone or tablet screen. ipad kid
36%
an obnoxious, angry, or entitled (usually but not exclusively white and middle-aged) man. kevin
36%
Average, mediocre, not bad or not special. mid
36%
To look significantly more attractive than someone or something mog/mogging
36%
Used to express discomfort, surprise, dismay, or sympathy for someone else's pain. Also is the death sound in the game Roblox. oof
36%
Someone who seeks validation by trying to stand out pick me
36%
Low quality content (AI or otherwise) slop
36%
Abbreviation of uncle or uncool. (also is technically an abbreviation for the University of North Carolina) unc
36%
To talk too much yap
36%
To have performed well or extremely good at something. ate
29%
Agreeing to something; yes; okay; sure. bet
29%
Hyper-stimulating or chronically online content brainrot
29%
Term used to describe that something is impressive, good, or cool. fire
29%
A major improvement in one's self glow up
29%
A portmanteau of 'lowkey' and 'genuinely'. lowkenuinely
29%
A pseudoscientific method to restructure someone's jawline by pressing their tongue to the roof of their mouth. mew/mewing
29%
A way of telling someone to "go outside" touch grass
29%
A term of endearment for a close friend, indicating a strong, sibling-like bond.t twin
29%
A confident, stylish, and attractive woman. (Older uses mean a bad guy or villain) baddie
21%
Used in reference to a person who is overweight or who eats excessively big back
21%
Extremely good, excellent. Originated from African-American vernacular for delicious food. bussin'
21%
Swift and witty response to an insult or critique clapback
21%
An attractive face. face card
21%
can be meant as a short way to say husband, but usually used in a different (non family friendly) Way. huzz
21%
Short for opposition or enemies; describes an individual's opponents. opps
21%
To elicit rage within an individual or group. ragebait
21%
Refers to an ambiguous romantic relationship in which both parties have feelings for one another, but said feelings are not clearly defined situationship
21%
to do something right or well. also used commonly as an interjection or reaction to said well done job. slay
21%
Eye dialect spelling of tough. tuff
21%
To be acting strangely or thinking that someone is hallucinating. tweaking
21%
An exceptionally good song. (this is the tamest definition) bop
14%
Good looking or Trendy high-class fashion. drip
14%
A social media post that is intentionally cryptic or ambiguous vaguepost
14%
Pertaining to those who prefer mainstream products, trends, and music. basic
7%
A behavior or personality trait that is neither good nor bad. beige flag
7%
A variant of the word "blood brother" or "mate". blud
7%
To be skilled at something. (other definition ain't very family friendly)c cracked
7%
Behaviors or personality traits that are considered positive, healthy, or desirable green flag
7%
Replacement for it's over, standing for complete physical and mental defeat. Emerged in 2024, when Joe Biden withdrew from the presidential election. its joever
7%
A warning sign indicating behaviors or characteristics within a relationship that may potentially be harmful or toxic. Opposite of a green flag. red flag
7%
being overly affectionate in pursuit of a relationship. simp
7%
To be no longer successful, popular, or skilled. washed
7%
Theft of food between friends. (I'm so sorry) fanum tax
0%
Term used to highlight or bring attention to one's outfit or fashion. fit check
0%
Meaning good, cool, fashionable, or excellent gucci
0%
someone who strives to be the center of attention. main character
0%
used to dismiss or mock attitudes typically associated with baby boomers as out of date. ok boomer
0%
Used to describe someone who is behaving or expressing themselves in a resentful, bitter, or irritated manner. salty
0%
To be shocked, surprised, or bothered. shook/shaken
0%
Refers to a situation where a person's lack of ability or proficiency is seen as the cause of their failure or difficulty in completing a task skill issue
0%
Used to refer to something that is perceived to be good, particularly used when referring to music. slaps
0%
To leak specific information. spill the beans
0%
Supporting something to an extreme degree stan
0%
Secret information or rumors. tea / beans
0%
An impactful telling of factual, or sometimes opinionated, information truth nuke
0%
Genderless synonym for bro, also used as "very rare one" vro
0%
No matching quizzes found
Score Distribution
Percent of People with Each Score
Percentile by Number Answered
Your Score History
You have not taken this quiz